000 00682nam a2200229Ia 4500
001 15831
003 GE_BSU
008 181216s||||||||xx |||||||||||||| ||und||
040 _cGE_BSU
080 _a821.353.1-32
100 _aძირკვაძე, ნოდარი
245 _aთეონა
245 _bმოთხრობები
245 _cრედ.ლ.ბეჟანიძე. მხატვ.რ.სანადირაძე
260 _aბათუმი
260 _bსაბჭ. აჭარა
260 _c1977
300 _a132გვ. ; 16სმ
653 _aთეონა
653 _aმოთხრობები
942 _cBK
999 _c48928
_d48928